| 000 | 01227cam a22003617a 4500 | ||
|---|---|---|---|
| 003 | CHAP | ||
| 005 | 20220817043417.0 | ||
| 008 | 971203d1997 mx r 00110 spa d | ||
| 010 | _a74678 | ||
| 011 | _a75650 | ||
| 035 | _a85216 | ||
| 040 | _cCHAP | ||
| 090 | _aTesis | ||
| 100 | 0 | 0 |
_aEspinosa González, Amado Octavio. _937941 |
| 245 | 1 | 0 | _aAnálisis del mercado de la cebada maltera (Hordeum vulgare) en México, 1965-1994 |
| 260 |
_aChapingo, Méx. : _bEl autor, _c1997. |
||
| 300 |
_a131 h. : _bgráfs. |
||
| 502 | _aTesis (Lic. en Economía Agrícola) -- UACH. Departamento de Economía Agrícola | ||
| 590 |
_aALEPH _b10 _c20130110 _lUCH01 _h1421 |
||
| 590 |
_aBATCH-UPD _b10 _c20130110 _lUCH01 _h0443 |
||
| 590 |
_aBATCH-UPD _b10 _c20130410 _lUCH01 _h0120 |
||
| 590 |
_aBATCH-UPD _b10 _c20130914 _lUCH01 _h0904 |
||
| 590 |
_aCONVERSION _b10 _c20130109 _lUCH01 _h1341 |
||
| 650 | 1 | 4 | _aCebada maltera. |
| 650 | 1 | 4 |
_aCebada _xMercadeo _xMéxico. _920697 |
| 650 | 1 | 4 |
_aCebada _xPrecios. _920704 |
| 650 | 1 | 4 |
_aOferta y demanda. _982790 |
| 901 | _aBK | ||
| 905 | _aAlejandra Carrasco M. | ||
| 942 | _cFOLL | ||
| 949 |
_bBC _cTES _d33724000895611 _eTS2 _fc.2 _h31335 _i85216 _si |
||
| 949 |
_bBC _cTES _d852161 _eTS1 _h31334 _i85216 _sb |
||
| 999 |
_c74678 _d74678 |
||